| 000 | 00405cam a2200157ua 4500 | ||
|---|---|---|---|
| 041 |
_aeng _h |
||
| 082 |
_a364.36 _bBOV/PS |
||
| 100 | _aBovet, Lucien. | ||
| 245 |
_aPsychiatric aspects of juvenile delinquency / _cLucien Bovet. _hTextual Documents |
||
| 250 |
_a1 / _b. |
||
| 260 |
_aGeneva : _bWorld Health Organisation , _c1951. |
||
| 300 | _a90 ; . | ||
| 504 | _a | ||
| 942 | _cBK | ||
| 999 |
_c291 _d291 |
||